|
|
|
|
| LEADER |
00000cam a2200000 a 4500 |
| 001 |
vtls010916480 |
| 003 |
SK-MaSNL |
| 005 |
20260301220200.0 |
| 008 |
151008s2015 xr o b f 000 0 slo |
| 015 |
|
|
|a SNBZSA2017/12
|
| 020 |
|
|
|a 9788072409679
|q (viazané)
|
| 040 |
|
|
|a SNK
|b slo
|c SNK
|e AACR2
|
| 041 |
1 |
|
|a slo
|h [cze]
|
| 044 |
|
|
|a xr
|c CZ
|
| 072 |
|
7 |
|a 0/9-053.2
|x Literatúra pre deti a mládež (náučná)
|2 konspekt
|
| 080 |
|
|
|a 592/599
|2 2011
|
| 080 |
|
|
|a 82-93-053.2
|2 2011
|
| 080 |
|
|
|a (084.11)
|2 2011
|
| 245 |
0 |
0 |
|a 333 zvierat
|c [preklad Pavol Rehuš]
|
| 246 |
3 |
|
|a Tristotridsaťtri zvierat
|
| 260 |
|
|
|a Dubicko
|b INFOA
|c 2015
|
| 300 |
|
|
|a 10 nečíslovaných s.
|b fareb. fotogr.
|c 19 cm x 27 cm
|
| 490 |
1 |
|
|a INFOA deťom
|
| 650 |
0 |
7 |
|a zvieratá
|2 SNKPH
|9 1091
|
| 650 |
0 |
7 |
|a Animals
|2 SNKPHeng
|9 267568
|
| 655 |
|
7 |
|a publikácie pre deti
|2 SNKPH
|9 70148
|
| 655 |
|
7 |
|a Children's literature
|2 SNKPHeng
|9 276039
|
| 655 |
|
7 |
|a obrazové publikácie
|2 SNKPH
|9 70343
|
| 655 |
|
7 |
|a Pictorial works
|2 SNKPHeng
|9 284468
|
| 700 |
1 |
|
|a Rehuš, Pavol
|4 trl
|9 338477
|
| 830 |
|
0 |
|a INFOA deťom
|9 338478
|
| 919 |
|
|
|a 978-80-7240-967-9
|
| 958 |
|
|
|a ZS
|
| 958 |
|
|
|a NB
|
| 999 |
|
|
|c 930893
|d 932823
|
| 952 |
|
|
|a SNK
|b SNK
|y NEVYP
|7 1
|p 17A1305885
|o snkOSB 18969
|i snk2017/27263
|8 4
|g 9.25
|0 0
|1 0
|4 0
|d 2017-11-20
|l 0
|r 2026-02-24 08:47:37
|w 2026-02-24
|